| 000 | 00483cam a2200193 4500 | ||
|---|---|---|---|
| 001 | D7996 | ||
| 008 | 090401t1982 xxu||||| |||| 00| 0 eng d | ||
| 035 | _a(Sirsi) u10622 | ||
| 041 | _aeng | ||
| 050 | _a698.12 | ||
| 100 | _aPrizeman, John | ||
| 245 | _aYour house: the outside view Foreword by Richard Gloucester | ||
| 260 |
_aLondon _bQuiller Press _c1982 |
||
| 300 | _a128p. ill. 21cm | ||
| 350 | _a5.95 | ||
| 520 | _aBlue Circle Book. | ||
| 942 | _n0 | ||
| 948 | _c04/03/1997 | ||
| 999 |
_c86763 _d86763 |
||